| Registos Bibliográficos associados ao registo de autoridade |
|
Etiqueta de registo: 00000nam 2200025 450 001 2089063 003 http://id.bnportugal.gov.pt/bib/catbnp/2089063 100 ## $a20220105d2021 k y0pory01030103ba 101 0# $apor$deng 102 ## $aPT 105 ## $aa m 000yy 106 ## $ar 200 1# $a A diplomacia dos reis de Portugal no final da Idade Média (1433-1495)$fDiogo Faria$gorient. Luís Miguel Duarte, Armando Luís de Carvalho Homem, Stéphane Péquignot 210 #9 $aPorto$c[s.n.],$d2021 215 ## $a2 v.$cil.$d30 cm 328 #1 $aTese dout. História, Faculdade de Letras, Universidade do Porto, 2021 675 ## $a94(469)"1433/1495"(043)$vBN$zpor$31848488 700 #1 $aFaria,$bDiogo$31830679 702 #1 $aDuarte,$bLuís Miguel,$f1956-$4727$350863 702 #1 $aHomem,$bArmando Luís de Carvalho,$f1950-$4727$330047 702 #1 $aPéquignot,$bStéphane$4727$31830680 801 #0 $aPT$bBN$gRPC 966 ## $b001$dV. 1$lBN$mFGMON$sH.G. 83595 V.$x1 966 ## $b001$dV. 2$lBN$mFGMON$sH.G. 83596 V.$x1 971 ## $cssilva$d20220105 972 ## $e0$z0$d20220607$viquintas 973 ## $canasil$d20220602
Etiqueta de registo: 00254nam 2200025 450 001 2287974 003 http://id.bnportugal.gov.pt/bib/catbnp/2287974 010 ## $a978-989-8997-69-2 021 ## $aPT$b557095/25 100 ## $a20260616d2025 m y0pory01030103ba 101 0# $apor 102 ## $aPT 105 ## $ay z 000yy 106 ## $ar 200 1# $a A diplomacia dos reis de Portugal no final da Idade Média (1433-1495)$fDiogo Faria 205 ## $a1ª ed 210 #9 $a[S.l.]$cArandis,$d2025 215 ## $a2 v.$d23 cm 700 #1 $aFaria,$bDiogo$31830679 801 #0 $aPT$bBN$gRPC 966 ## $d2º v.$lBN$mFGMON$x1 966 ## $d2º v.$lBN$mFGMON$x1 966 ## $d1º v.$lBN$mFGMON$x1 966 ## $d1º v.$lBN$mFGMON$x1 971 ## $cabrito$d20260616
|
|
|